| 000 | 00599nam a2200205 a 4500 | ||
|---|---|---|---|
| 001 | 000025592 | ||
| 005 | 20240412074252.0 | ||
| 008 | 110218s2003 dr 000 p spa d | ||
| 020 | _a9945130021 | ||
| 040 |
_aDO-SdBNP _bspa _cBNPHU |
||
| 082 |
_aRD861.44 _bD249c |
||
| 100 | 1 |
_aLeón David _d1945- _984930 |
|
| 245 | 1 | 0 |
_aCarmina / _cLeón David. |
| 260 |
_aSanto Domingo : _bMediabyte, _c[2003?]. |
||
| 300 |
_a37 p. ; _c22 cm. |
||
| 500 | _aIncluye datos biográficos del autor en la contraportada | ||
| 650 | 0 |
_aPoesía dominicana _966 |
|
| 650 | 0 |
_aLiteratura dominicana. _967 |
|
| 049 | _aBNPD | ||
| 999 |
_c25084 _d25084 |
||